000 00882nam a2200241 a 4500
005 20090709145515.0
008 831014s1982 caufa 000 0beng
010 _aENG-94333
020 _a9788180940545
_c240.00
035 _aEN-77866
037 _bDBAD / PUB
040 _adpl
_bEnglish
082 _a511.313
100 _aMeenakshi, A.R.
245 _aFuzzy Matrix:
_btheory and applications /
_cby A.R. Meenakshi
260 _aChennai
_bMJP Publishers
_c2008
270 _a47, Nallathambi Street, Triplicane
_bChennai
_e600005
300 _axi, 296p.
_c25cm(pbk)
500 _aIncludes references and index
650 _aMatrices
942 _2ddc
_cEN
_h511.313
_mMEE
999 _c28122
_d28122